Top 20 Fantasy Football players 2022 - Statistics

General Stats
  • This quiz has been taken 118 times
  • The average score is 18 of 19
Answer Stats
Total Points Scored Team Answer % Correct
416.4 Chiefs Patrick Mahomes
100%
378.04 Eagles Jalen Hurts
99%
283.32 Lions Jared Goff
99%
350.7 Bengals Joe Burrow
99%
395.52 Bills Josh Allen
99%
295.98 Bears Justin Fields
98%
291.58 Vikings Kirk Cousins
98%
295.62 Jaguars Trevor Lawrence
98%
269.76 Titans Derrick Henry
97%
289 Giants Daniel Jones
96%
279.26 Chargers Justin Herbert
96%
240.66 Vikings Justin Jefferson
96%
239.2 Packers Aaron Rodgers
95%
303.88 Seahawks Geno Smith
95%
254.4 Browns Nick Chubb
95%
271.36 49ers Christian McCaffrey
94%
275.3 Raiders Josh Jacobs
94%
271.66 Buccaneers Tom Brady
94%
265.7 Chargers Austin Ekeler
93%
No matching quizzes found
Score Distribution
Percent of People with Each Score
Percentile by Number Answered
Your Score History
You have not taken this quiz